| 000 | 00601nam a2200193 a 4500 | ||
|---|---|---|---|
| 005 | 20140310183504.0 | ||
| 008 | 101014s19uu xx 00 eng d | ||
| 050 |
_aTK 6655 _b.V652 2010 |
||
| 100 | _aOrtiz, Florida Valencia. | ||
| 245 |
_aVideo production and digital photography for beginners : _blecture lesson plans / |
||
| 260 |
_aPhilippines : _bTechFactors, Inc, _c2010. |
||
| 300 |
_a17 p. : _c26 cm. |
||
| 521 | _aMC | ||
| 650 |
_aVideo production _xlesson plan. |
||
| 650 |
_aDigital photography _xlesson plan. |
||
| 700 | _aAmante, Mai Ryza | ||
| 942 |
_cBK _2lcc _kLOC |
||
| 999 |
_c23987 _d23987 |
||